000
00313nam a2200133Ia 4500
008
191201s2004 xx 000 0 und d
100
_a
MORGAN, Rebecca
245
0
_a
Calming Upset Customers
250
_a
3rd
260
_a
N.Delhi
_b
Viva Books
_c
2004
300
_a
80
650
_a
General Books
942
_2
ddc
_c
BK
999
_c
2444
_d
2444